书目信息 |
| 题名: |
河南自助游
|
|
| 作者: | ;藏羚羊旅行指南编辑部 编著 | |
| 分册: | ||
| 出版信息: | 北京 人民邮电出版社 2014.02 |
|
| 页数: | 352页 | |
| 开本: | 21cm | |
| 丛书名: | 藏羚羊自助游系列 | |
| 单 册: | ||
| 中图分类: | K928.961 | |
| 科图分类: | ||
| 主题词: | 旅游指南--河南 , 旅游指南 | |
| 电子资源: | ||
| ISBN: | 978-7-115-34076-4 | |
| 000 | 00970oam2 2200301 450 | |
| 001 | 006455952 | |
| 005 | 20140610110657.60 | |
| 010 | @a978-7-115-34076-4@dCNY48.00 | |
| 100 | @a20140219d2014 em y0chiy0110 ea | |
| 101 | 0 | @achi |
| 102 | @aCN@b110000 | |
| 105 | @aab z 001yy | |
| 106 | @ar | |
| 200 | 1 | @a河南自助游@9he nan zi zhu you@f藏羚羊旅行指南编辑部编著 |
| 205 | @a4版 | |
| 210 | @a北京@c人民邮电出版社@d2014.02 | |
| 215 | @a352页@c图,地图@d21cm | |
| 225 | 2 | @a藏羚羊自助游系列@v031 |
| 300 | @a藏羚羊旅行指南 | |
| 330 | @a本书以分区导览的形式全面覆盖河南各大景区、景点,并从历史、地理、宗教、民俗和美食等方面深入挖掘河南的地域特色。 | |
| 333 | @a旅游爱好者 | |
| 461 | 0 | @12001 @a藏羚羊自助游系列@v031 |
| 606 | 0 | @a旅游指南@y河南 |
| 606 | 0 | @a旅游指南 |
| 690 | @aK928.961@v5 | |
| 711 | 02 | @a藏羚羊旅行指南编辑部@9zang ling yang lu^ xing zhi nan bian ji bu@4编著 |
| 801 | 0 | @aCN@b人天书店@c20140219 |
| 905 | @b846485-87@dK928.961@e739=4@f3 | |
| 河南自助游/藏羚羊旅行指南编辑部编著.-4版.-北京:人民邮电出版社,2014.02 |
| 352页:图,地图;21cm.-(藏羚羊自助游系列;031) |
| 藏羚羊旅行指南.-使用对象:旅游爱好者 |
| ISBN 978-7-115-34076-4:CNY48.00 |
| 本书以分区导览的形式全面覆盖河南各大景区、景点,并从历史、地理、宗教、民俗和美食等方面深入挖掘河南的地域特色。 |
| ● |
| 相关链接 |
|
|
|
|
正题名:河南自助游
索取号:K928.961/739=4
 
预约/预借
| 序号 | 登录号 | 条形码 | 馆藏地/架位号 | 状态 | 备注 |
| 1 | 846485 | 208464856 | 第二样本阅览室/ [索取号:K928.961/739=4] | 在馆 | |
| 2 | 846486 | 208464865 | 密集书库-资源管理系/ [索取号:K928.961/739=4] | 在馆 | |
| 3 | 846487 | 208464874 | 第二借阅区/ [索取号:K928.961/739=4] | 在馆 |